Campeones Fútbol Profesional de Colombia - Estadísticas

Estadísticas generales
  • Esta prueba ha sido intentada 344 veces
    131 desde el último reinicio
  • La puntuación promedio es 93 de 99
Estadísticas de respuestas
AÑO DEL CAMPEONATO EQUIPO CAMPEÓN EQUIPO SUB-CAMPEÓN % Correcto
Categoría Primera A 1954 Atlético Nacional Deportes Quindío
99%
Categoría Primera A 1973 Atlético Nacional Millonarios FC
99%
Categoría Primera A 1976 Atlético Nacional Deportivo Cali
99%
Categoría Primera A 1981 Atlético Nacional Deportes Tolima
99%
Copa Mustang 1991 Atlético Nacional América de Cali
99%
Copa Mustang 1994 Atlético Nacional Millonarios FC
99%
Copa Mustang 1999 Atlético Nacional América de Cali
99%
Copa Mustang 2005-1 Atlético Nacional Independiente Santa Fe
99%
Copa Mustang 2007-1 Atlético Nacional Atlético Huila
99%
Copa Mustang 2007-2 Atlético Nacional Seguros La Equidad
99%
Liga Postobón 2011-1 Atlético Nacional Seguros La Equidad
99%
Liga Postobón 2013-1 Atlético Nacional Independiente Santa Fe
99%
Liga Postobón 2013-2 Atlético Nacional Deportivo Cali
99%
Liga Postobón 2014-1 Atlético Nacional Junior de Barranquilla
99%
Liga Águila 2015-2 Atlético Nacional Junior de Barranquilla
99%
Liga Águila 2017-1 Atlético Nacional Deportivo Cali
99%
Liga BetPlay 2022-1 Atlético Nacional Deportes Tolima
99%
Liga BetPlay 2024-2 Atlético Nacional Deportes Tolima
99%
Categoría Primera A 1977 Junior de Barranquilla Deportivo Cali
98%
Categoría Primera A 1980 Junior de Barranquilla Deportivo Cali
98%
Copa Mustang 1993 Junior de Barranquilla Independiente Medellín
98%
Copa Mustang 1995 Junior de Barranquilla América de Cali
98%
Copa Mustang 2004-2 Junior de Barranquilla Atlético Nacional
98%
Liga Postobón 2010-1 Junior de Barranquilla Seguros La Equidad
98%
Liga Postobón 2011-2 Junior de Barranquilla Once Caldas
98%
Liga Águila 2018-2 Junior de Barranquilla Independiente Medellín
98%
Liga Águila 2019-1 Junior de Barranquilla Deportivo Pasto
98%
Liga BetPlay 2023-2 Junior de Barranquilla Independiente Medellín
98%
Categoría Primera A 1965 Deportivo Cali Atlético Nacional
97%
Categoría Primera A 1967 Deportivo Cali Millonarios FC
97%
Categoría Primera A 1969 Deportivo Cali América de Cali
97%
Categoría Primera A 1970 Deportivo Cali Junior de Barranquilla
97%
Categoría Primera A 1974 Deportivo Cali Atlético Nacional
97%
Copa Mustang 1995/96 Deportivo Cali Millonarios FC
97%
Copa Mustang 1998 Deportivo Cali Once Caldas
97%
Copa Mustang 2005-2 Deportivo Cali Real Cartagena
97%
Liga Águila 2015-1 Deportivo Cali Independiente Medellín
97%
Liga BetPlay 2021-2 Deportivo Cali Deportes Tolima
97%
Categoría Primera A 1949 Millonarios FC Deportivo Cali
97%
Categoría Primera A 1951 Millonarios FC Boca Junior de Cali
97%
Categoría Primera A 1952 Millonarios FC Boca Junior de Cali
97%
Categoría Primera A 1953 Millonarios FC Deportes Quindío
97%
Categoría Primera A 1959 Millonarios FC Independiente Medellín
97%
Categoría Primera A 1961 Millonarios FC Independiente Medellín
97%
Categoría Primera A 1962 Millonarios FC Deportivo Cali
97%
Categoría Primera A 1963 Millonarios FC Independiente Santa Fe
97%
Categoría Primera A 1964 Millonarios FC Cúcuta Deportivo
97%
Categoría Primera A 1972 Millonarios FC Deportivo Cali
97%
Categoría Primera A 1978 Millonarios FC Deportivo Cali
97%
Categoría Primera A 1987 Millonarios FC América de Cali
97%
Categoría Primera A 1988 Millonarios FC Atlético Nacional
97%
Liga Postobón 2012-2 Millonarios FC Independiente Medellín
97%
Liga Águila 2017-2 Millonarios FC Independiente Santa Fe
97%
Liga BetPlay 2023-1 Millonarios FC Atlético Nacional
97%
Categoría Primera A 1948 Independiente Santa Fe Junior de Barranquilla
96%
Categoría Primera A 1958 Independiente Santa Fe Millonarios FC
96%
Categoría Primera A 1960 Independiente Santa Fe América de Cali
96%
Categoría Primera A 1966 Independiente Santa Fe Independiente Medellín
96%
Categoría Primera A 1971 Independiente Santa Fe Atlético Nacional
96%
Categoría Primera A 1975 Independiente Santa Fe Millonarios FC
96%
Liga Postobón 2012-1 Independiente Santa Fe Deportivo Pasto
96%
Liga Postobón 2014-2 Independiente Santa Fe Independiente Medellín
96%
Liga Águila 2016-2 Independiente Santa Fe Deportes Tolima
96%
Liga BetPlay 2025-1 Independiente Santa Fe Independiente Medellín
96%
Categoría Primera A 1979 América de Cali Independiente Santa Fe
95%
Categoría Primera A 1982 América de Cali Deportes Tolima
95%
Categoría Primera A 1983 América de Cali Junior de Barranquilla
95%
Categoría Primera A 1984 América de Cali Millonarios FC
95%
Categoría Primera A 1985 América de Cali Deportivo Cali
95%
Categoría Primera A 1986 América de Cali Deportivo Cali
95%
Copa Mustang 1990 América de Cali Atlético Nacional
95%
Copa Mustang 1992 América de Cali Atlético Nacional
95%
Copa Mustang 1996/97 América de Cali Atlético Bucaramanga
95%
Copa Mustang 2000 América de Cali Junior de Barranquilla
95%
Copa Mustang 2001 América de Cali Independiente Medellín
95%
Copa Mustang 2002-1 América de Cali Atlético Nacional
95%
Copa Mustang 2008-2 América de Cali Independiente Medellín
95%
Liga Águila 2019-2 América de Cali Junior de Barranquilla
95%
Liga BetPlay 2020 América de Cali Independiente Santa Fe
95%
Copa Mustang 2003-2 Deportes Tolima Deportivo Cali
94%
Liga Águila 2018-1 Deportes Tolima Atlético Nacional
94%
Liga BetPlay 2021-1 Deportes Tolima Millonarios FC
94%
Categoría Primera A 1955 Independiente Medellín Atlético Nacional
92%
Categoría Primera A 1957 Independiente Medellín Deportes Tolima
92%
Copa Mustang 2002-2 Independiente Medellín Deportivo Pasto
92%
Copa Mustang 2004-1 Independiente Medellín Atlético Nacional
92%
Copa Mustang 2009-2 Independiente Medellín Atlético Huila
92%
Liga Águila 2016-1 Independiente Medellín Junior de Barranquilla
92%
Liga BetPlay 2024-1 Atlético Bucaramanga Independiente Santa Fe
87%
Liga BetPlay 2022-2 Deportivo Pereira Independiente Medellín
84%
Copa Mustang 2006-2 Cúcuta Deportivo Deportes Tolima
77%
Categoría Primera A 1950 Deportes Caldas Millonarios FC
77%
Copa Mustang 2003-1 Once Caldas Junior de Barranquilla
77%
Copa Mustang 2009-1 Once Caldas Junior de Barranquilla
77%
Liga Postobón 2010-2 Once Caldas Deportes Tolima
77%
Categoría Primera A 1956 Deportes Quindío Millonarios FC
74%
Copa Mustang 2006-1 Deportivo Pasto Deportivo Cali
71%
Copa Mustang 2008-1 Boyacá Chicó América de Cali
67%
Categoría Primera A 1968 Unión Magdalena Deportivo Cali
66%
No se encontraron pruebas coincidentes
Distribución de puntuación
Porcentaje de gente con cada puntuación
Porcentaje por número respondido
Historial de tus puntuaciones
No has intentado esta prueba desde el último reinicio